000 00954nam a2200241Ia 4500
003 PE SENCICO BE
005 20251020182430.0
008 200515s9999 xx 000 0 und d
040 _aPE SENCICO BE
_cPE SENCICO BE
041 _aspa
082 _a334
_bK22
100 1 _aKaplan de Drimer, Alicia
_92530
_eautor
245 1 0 _aLas cooperativas :
_bfundamentos, historia, doctrina /
_cAlicia Kaplan de Drimer, Bernardo Drimer
260 _aBuenos Aires :
_bIntercoop ;
_bF.A.C.C. ;
_c1973
300 _ap. irreg. :
_c20 cm.
505 0 _aConceptos generales acerca de las cooperativas -- Consideraciones generales sobre determinados aspectos de las cooperativas
520 3 _aDesarrolla el tema de las cooperativas en la Argentina y como han ido evolucionando estas entidades.
650 1 0 _aCooperativas
_92531
650 2 0 _aDerecho cooperativo
_92532
650 2 0 _aHistoria
_9707
700 1 _92533
_aDrimer, Bernardo
_eautor
942 _cLIB
_2ddc
999 _c226
_d226